LDR 00995naa#a2200181#i#450# 001 RU\\bibl\19460 005 20260516102323.6 100 ## _a20260515b2026####ek#y0rusy0150####ca 102 ## _aRU 200 1# _aОЦЕНКА КАЧЕСТВА СЕМЯН ДРЕВЕСНЫХ РАСТЕНИЙ В РАМКАХ АНАЛИЗА ПЕРСПЕКТИВНОСТИ ИНТРОДУКЦИИ _eСтатья/тезисы конференции 210 1# _aВоронеж _cВоронежский государственный лесотехнический университет имени Г.Ф. Морозова _d2026 215 ## _a7 с. 608 ## _aСтатья/тезисы конференции _2local 675 ## _aДекоративные растения для парков и общественных садов. 635.925 _z 700 #1 _aРязанцева _gО. С. 700 #1 _aЦепляев _gАлексей Николаевич 700 #1 _aПопова _gВалентина Трофимовна 856 4# _abibl.vgltu.ru _u